000 00787nam a22002417a 4500
999 _c6692
_d6692
003 AR-CdUCM
008 190319b ||||| |||| 00| 0 spa d
040 _aMUNICIPALIDAD PROVINCIAL DEL CUSCO
_cBIBLIOTECA MUNICIPAL DEL CUSCO
082 _a779.985 /
_bP46
110 _aCompañía Good Year del Perú
_918825
245 _aEl Perú emergente :
_bla Nación de las mil interpretaciones /
260 _aLima :
_bNuevas Ideas SRL.
_c1993.
300 _bfotografías a color,
_c29 cm.
500 _aNo cuenta con numeración impresa.
650 _aPerú
_935
650 _aFotografías
_913109
650 _aSiglo XX
_98
710 _aBanco Continental
_918826
710 _aBanco Interandino
_918827
710 _aEmbajada de España
_918828
942 _2ddc
_cLIBROS
945 _araen